| 000 | 00507nam a2200181Ia 4500 | ||
|---|---|---|---|
| 008 | 240925s9999 xx 000 0 und d | ||
| 020 | _a9789694074412 | ||
| 082 | _a954.07 AHM | ||
| 100 | _aAhmed, Syed Jaffar | ||
| 245 | 0 | _aPakistan: Historical Legacies Contemporary Issues | |
| 250 | _a1st | ||
| 260 |
_aKarachi: _bRoyal Book Company _c,2017. |
||
| 300 |
_a336p. _b0 _fOriginal |
||
| 500 | _aIncludes Index | ||
| 600 | _aHumanities & Natural Science | ||
| 650 | _aHistory and Geography | ||
| 942 | _cBK | ||
| 999 |
_c13865 _d13865 |
||